Kódex proti otrasom
Sociálna zodpovednosť podnikov (SZP) - model správania podnikov, v ktorom podnik nesie zodpovednosť za sociálne a environmentálne dôsledky podnikania. Ciele a prostriedky. SZP ako prostriedok na zlepšenie imidžu a ľahšieho prístupu k bankovým zdrojom. Udržiavanie dobrých vzťahov s okolím aj so zame...
Salvato in:
| Autore principale: | |
|---|---|
| Natura: | Capitolo di libro |
| Lingua: | slovacco |
| Soggetti: | |
| Tags: |
Nessun Tag, puoi essere il primo ad aggiungerne!!
|
MARC
| LEADER | 00000naa$a2200000$$$4500 | ||
|---|---|---|---|
| 001 | 0024303 | ||
| 005 | 20231009070232.0 | ||
| 041 | 0 | |a slo | |
| 044 | |a SK | ||
| 245 | 1 | 0 | |a Kódex proti otrasom |c Brigita Schmögnerová |
| 520 | |a Sociálna zodpovednosť podnikov (SZP) - model správania podnikov, v ktorom podnik nesie zodpovednosť za sociálne a environmentálne dôsledky podnikania. Ciele a prostriedky. SZP ako prostriedok na zlepšenie imidžu a ľahšieho prístupu k bankovým zdrojom. Udržiavanie dobrých vzťahov s okolím aj so zamestnancami. Nevyhnutné predpoklady hodnovernosti SZP. | ||
| 610 | 2 | 0 | |a podnikanie |
| 610 | 2 | 0 | |a podnikatelia |
| 610 | 2 | 0 | |a riadenie podnikové |
| 610 | 2 | 0 | |a kódexy etické |
| 610 | 2 | 0 | |a zodpovednosť |
| 610 | 2 | 0 | |a dodávatelia |
| 610 | 2 | 0 | |a spotrebitelia |
| 610 | 2 | 0 | |a zamestnanci |
| 610 | 2 | 0 | |a imidž |
| 610 | 2 | 0 | |a ekológia |
| 100 | 1 | |a Schmögnerová, Brigita | |